1514 1462 1517 1051 1085 1990 1647 1754 1208 1313 1881 1275 1904 1352 1788 1264 1251 1799 1347 1821 1022 1355 1886 1375 1046 1391 1737 1580 1767 1337 1482 1857 1328 1500 1505 1108 1130 1196 1572 1109 1261 1546 1167 1637 1058 1489 1576 1273 1000 1580 1093 1032 1151 1239 1802 1342 1851 1059 1014 1953 1672 1613 1786 1151 1659 1292 1418 1976 1555 1292 1565 1418 1523 1433 1175 1610 1827 1093 1109 1399 1976 1520 1017 1964 1712 1928 1891 1692 1825 1950 1511 1847 1783 1950 1185 1660 1040 1555 1677 BCNSPRNW ULIB Ver.6.0+V

เปลี่ยนเป็นภาษาไทย

Change to English
 แสดงรายละเอียดบรรณานุกรม
  กลับหน้าหลัก

Brief Record : Get Marc (ISO 2709) : E-mail record : QR code < ปิดหน้าต่าง
LEADER : 00000nam 2200000uu 4500
001    13399128537
003     ULIB
008    230831s2565||||th 000 0 tha d
020    ^a8856652048387
060    ^aWS440^bป541น
100    ^aป้านกใหญ่
245    ^aนิทานเสริมสร้างสุขอนามัยในการแปรงฟันของเด็ก ๆ 2 ภาษาไทย-อังกฤษ ฟ.ฟันของเรา : Our Teeth
250    ^aพิมพ์ครั้งที่ 1
260    ^aกรุงเทพฯ :^bบริษัท วรรณาพับลิชชิ่ง จำกัด,^cม.ป.ป.
300    ^a24 หน้า;^c19 ซม.
650    ^aนิทานเด็ก
945    ^p50^l0^i010305
999    ^aประนอม เกษจรัล
รายการนี้ยังไม่มีแท็ก
คุณยังไม่ได้ล็อกอิน คุณสามารถมีกิจกรรมร่วมกับเว็บไซต์ได้ แต่ต้องล็อกอินก่อน ::
  ล็อกอิน

รายการสื่อสารสนเทศ

ลำดับที่ ประเภท เลขเรียก/บาร์โค้ด สถานที่ สถานะ
1. วิทยาศาสตร์การแพทย์ และสุขภาพ
วิทยาศาสตร์การแพทย์ และสุขภาพ
WS440 ป541น ฉ.1 
  Barcode: 010305
ห้องสมุดวิทยาเขตสวรรค์ประชารักษ์
►หนังสือทั่วไป
บนชั้น

รายการใกล้เคียง
    ชื่อเรื่อง [นิทานเสริมสร้างสุขอนามัยในการแปรงฟันของเด็ก ๆ 2 ภาษาไทย-อังกฤษ ฟ.ฟันของเรา : Our Teeth]

    ผู้แต่ง [ป้านกใหญ่]

    หัวเรื่อง [นิทานเด็ก]

BibComment


ยังไม่เคยถูกคอมเมนท์

คอมเมนท์ทรัพยากรรายการนี้
  คอมเมนท์: นิทานเสริมสร้างส..


 Copyright 2026. Bcnsprnw @Library